| 000 | 01597cam a2200289 4500 | ||
|---|---|---|---|
| 001 | ##E129113 | ||
| 008 | 111024s2005 000 0 eng u | ||
| 020 | _a1842192272 | ||
| 035 | _a(Sirsi) u129113 | ||
| 041 | 0 | _aeng | |
| 050 | 0 | 4 | _a690.24 $2 18 |
| 110 | 2 |
_aRoyal Institution of Chartered Surveyors _94900 |
|
| 245 | 0 | 0 |
_aStock condition surveys _ba guidance note |
| 250 | _a2nd ed. | ||
| 260 |
_aLondon _bRICS _c2005 |
||
| 300 |
_aviii, 84p. _c30cm |
||
| 350 | _a20 | ||
| 490 | 0 | _aRICS Guidance Note | |
| 520 | _aDefines what a stock condition survey is, what buildings can be the subject of a survey and a comprehensive list of what is involved in a survey. Section onecovers key issues in detail. Section two runs through the process of carrying out a stock condition survey from briefing to completion. While most of the references of the guidance note are UK-based, the principles, processes and decision making form a core set of techniques and methods that can be applied to buildings anywhere in the world. | ||
| 520 | _aARCHIVED 9 Aug 2016. Not superseded by any particular title however Surveying Assets in the Built Environment 1st edition ISBN 9781783211555 published 2022 may be of interest. | ||
| 520 | _aSupersedes first edition (ISBN 0854068236) | ||
| 590 | _aIKA190705 | ||
| 651 | 4 | _aUnited Kingdom | |
| 690 | _aBUILT ENVIRONMENT-BUILDING INSPECTION-STOCK CONDITION SURVEYING | ||
| 856 | 4 | 1 |
_uhttps://www.isurv.com/downloads/file/226/archive_stock_condition_surveys_2nd_edition_2005%E2%80%932016 _zArchived on isurv (subscription required) |
| 942 |
_n0 _2ddc |
||
| 999 |
_c104108 _d104108 |
||